000 00512nas a2200193 a 4500
001 000036530
003 DLC
005 20200930075801.0
008 120119c20119999dr dr1ndd 0 0spa d
040 _aDO-SdBNP
_bspa
043 _anwdr
245 0 0 _aEl Día.
260 _aSanto Domingo :
_bEditora Hoy,
_c2011.
300 _ail. ;
_c42 cm.
310 _aDiaria
362 0 _aAño x, no. 1659
500 _aDirector: diciembre 2011, Rafael Molina Morillo
650 0 _aPublicaciones periódicas
_vDIARIOS
_962717
999 _c36021
_d36021